MARC

LEADER 00000nam0a2200000 4500
001 374426
005 20231102012641.0
035 |a (RuTPU)RU\TPU\retro\31860 
035 |a RU\TPU\book\305512 
090 |a 374426 
100 |a 20221219d1966 k y0rusy50 ca 
101 0 |a rus 
102 |a RU 
105 |a a z 001zy 
200 1 |a Вопросы прикладной климатологии Западной Сибири  |f Научно-исследовательский институт аэроклиматологии ; под ред. И. М. Кисина ; С. Д. Кошинского 
210 |a Москва  |c Гидрометеоиздат  |d 1966 
215 |a 158 с.  |c ил. 
225 1 |a Труды  |v Вып. 42(2) 
320 |a Библиография в конце статей 
606 1 |a Климатология  |2 stltpush  |3 (RuTPU)RU\TPU\subj\14531  |9 40906 
610 1 |a осадки 
610 1 |a суточный максимум 
610 1 |a расчет 
610 1 |a математическая статистика 
610 1 |a применение 
610 1 |a Западная Сибирь 
610 1 |a температура 
610 1 |a гидрологические исследования 
610 1 |a загрязненный воздух 
610 1 |a климатические особенности 
675 |a 551.58  |v 3 
702 1 |a Кисин  |b И. М.  |4 340 
702 1 |a Кошинский  |b С. Д.  |4 340 
712 0 2 |a Научно-исследовательский институт аэроклиматологии  |2 stltpush  |3 (RuTPU)RU\TPU\col\20413 
801 1 |a RU  |b 63413507  |c 20150124 
801 2 |a RU  |b 63413507  |c 20221219  |g RCR 
942 |c BK